[Event "I Open Filadelfia.Chess"]
[Site "Filadelfia ITA"]
[Date "2009.12.07"]
[Round "4"]
[White "Luppino, Domenico"]
[Black "Scerra, Ezio"]
[Result "1/2-1/2"]
[WhiteElo "1536"]
[BlackElo "1326"]
[PlyCount "90"]
[EventDate "2009.12.05"]

1. e4 c5 2. Nf3 g6 3. d4 Bg7 4. Nc3 cxd4 5. Nxd4 d6 6. Be3 Nf6 7. Bd3 O-O 8.
Qd2 Ng4 9. O-O Nxe3 10. Qxe3 e5 11. Nde2 Nc6 12. a3 Nd4 13. Nd5 f5 14. exf5
Bxf5 15. Bxf5 Rxf5 16. Nxd4 exd4 17. Qe6+ Kh8 18. Rad1 Qg8 19. Qxg8+ Kxg8 20.
Ne7+ Kf7 21. Nxf5 gxf5 22. Rfe1 Be5 23. Rd3 Rc8 24. Re2 h5 25. h3 h4 26. f4
Bxf4 27. Rxd4 Be5 28. Rxh4 Bxb2 29. Rh7+ Kg6 30. Rxb7 Bxa3 31. Re6+ Kg5 32.
Rg7+ Kf4 33. Re2 a5 34. Rf2+ Ke5 35. Re2+ Kf6 36. Rge7 Rxc2 37. Rxc2 Kxe7 38.
h4 Kf6 39. Kf2 Kg6 40. Kf3 Bc5 41. Re2 a4 42. g4 fxg4+ 43. Kxg4 a3 44. h5+ Kh6
45. Re6+ Kh7 1/2-1/2

[Event "I Open Filadelfia.Chess"]
[Site "Filadelfia ITA"]
[Date "2009.12.07"]
[Round "4"]
[White "Mazzotta, Giuseppe Antonio"]
[Black "Fenocchio, Renato"]
[Result "0-1"]
[WhiteElo "1383"]
[BlackElo "1518"]
[PlyCount "64"]
[EventDate "2009.12.05"]

1. e4 d5 2. d3 dxe4 3. dxe4 Qxd1+ 4. Kxd1 Nc6 5. Ke1 e5 6. Nc3 Bb4 7. Bd2 Nd4
8. Nf3 Nxc2+ 9. Kd1 Nxa1 10. Nxe5 Be6 11. Bb5+ Kd8 12. Bg5+ f6 13. a3 Bxc3 14.
bxc3 fxg5 15. Nf7+ Bxf7 16. Kc1 Nb3+ 17. Kc2 c6 18. Ba4 Nc5 19. Rd1+ Kc7 20. e5
Nxa4 21. Re1 Re8 22. g3 Nf6 23. f4 gxf4 24. gxf4 Bg6+ 25. Kb3 Nc5+ 26. Kb4 Nd3+
27. Kc4 Nxe1 28. h4 b5+ 29. Kb4 Nd5+ 30. Kc5 Nxf4 31. Kd4 Nc2+ 32. Kc5 Rxe5#
0-1

[Event "I Open Filadelfia.Chess"]
[Site "Filadelfia ITA"]
[Date "2009.12.07"]
[Round "4"]
[White "Rametta, Marcello"]
[Black "Carbone, Edoardo"]
[Result "1/2-1/2"]
[WhiteElo "1771"]
[BlackElo "1569"]
[PlyCount "43"]
[EventDate "2009.12.05"]

1. e4 c5 2. c3 d5 3. exd5 Qxd5 4. Qf3 Qxf3 5. Nxf3 Nc6 6. Bb5 Bd7 7. O-O Nf6 8.
Ba4 e6 9. Bc2 O-O-O 10. d3 h6 11. Nbd2 Bd6 12. Nc4 Bc7 13. d4 cxd4 14. cxd4 Kb8
15. Be3 Bc8 16. Ba4 Nb4 17. Nce5 Rhf8 18. Bb3 Bxe5 19. dxe5 Nd7 20. Rad1 Nc6
21. Bf4 g5 22. Bg3 1/2-1/2

[Event "I Open Filadelfia.Chess"]
[Site "Filadelfia ITA"]
[Date "2009.12.07"]
[Round "4"]
[White "Scalise, Sandro"]
[Black "Piccoli, Vincenzo"]
[Result "0-1"]
[WhiteElo "1676"]
[BlackElo "2014"]
[PlyCount "34"]
[EventDate "2009.12.05"]

1. d4 b6 2. Nf3 Nf6 3. c4 e6 4. g3 Bb7 5. Bg2 Be7 6. O-O O-O 7. Nc3 Ne4 8. Nxe4
Bxe4 9. Ne5 Bxg2 10. Kxg2 d6 11. Nf3 d5 12. cxd5 Qxd5 13. Bf4 g5 14. Bxg5 Bxg5
15. e4 Qxe4 16. Re1 Qb7 17. d5 Bf6 0-1

[Event "I Open Filadelfia.Chess"]
[Site "Filadelfia ITA"]
[Date "2009.12.07"]
[Round "4"]
[White "Violi, Vincenzo"]
[Black "Costantino, Gregorio"]
[Result "1-0"]
[WhiteElo "1590"]
[BlackElo "1413"]
[PlyCount "103"]
[EventDate "2009.12.05"]

1. e4 d6 2. d4 Nf6 3. Nc3 Nbd7 4. Nf3 e5 5. Bc4 Be7 6. O-O c6 7. a4 b6 8. Ng5
O-O 9. f4 Qc7 10. Kh1 Bb7 11. Nf3 a6 12. Bb3 Rfe8 13. fxe5 dxe5 14. Nxe5 Nxe5
15. dxe5 Qxe5 16. Bf4 Qh5 17. Qxh5 Nxh5 18. Bc7 Kh8 19. Bxf7 Rec8 20. Bxb6 Nf6
21. Bb3 c5 22. Nd5 Nxd5 23. Bxd5 Bxd5 24. exd5 Rab8 25. a5 c4 26. Rf7 Bc5 27.
Rc7 Rxc7 28. Bxc7 Rxb2 29. d6 Bxd6 30. Bxd6 Rxc2 31. Rd1 h6 32. h3 Ra2 33. Bc7
c3 34. Kh2 Kh7 35. Rc1 c2 36. Kg1 Kg6 37. Kf2 Kf5 38. Ke2 h5 39. h4 Kg4 40. g3
g6 41. Kd2 Ra4 42. Rxc2 Rd4+ 43. Ke3 Rd7 44. Rc6 Re7+ 45. Kd4 Kf5 46. Rc5+ Ke6
47. Re5+ Kf7 48. Rxe7+ Kxe7 49. Kc5 Kd7 50. Kb6 Kc8 51. Bf4 Kd7 52. Kb7 1-0

[Event "I Open Filadelfia.Chess"]
[Site "Filadelfia ITA"]
[Date "2009.12.07"]
[Round "4"]
[White "Zampaglione, Francesco"]
[Black "Tricomi, Massimo"]
[Result "0-1"]
[WhiteElo "1425"]
[BlackElo "1916"]
[PlyCount "60"]
[EventDate "2009.12.05"]

1. d4 d6 2. Nf3 g6 3. e3 Bg7 4. Bd3 Nf6 5. O-O O-O 6. Nbd2 Nbd7 7. c4 Re8 8.
Re1 e5 9. dxe5 dxe5 10. Qc2 e4 11. Nxe4 Nxe4 12. Bxe4 Nc5 13. Rd1 Qf6 14. Bd3
Nxd3 15. Rxd3 Bf5 16. Nd4 Bxd3 17. Qxd3 c5 18. Nb5 Red8 19. Qe2 Qb6 20. a4 a6
21. a5 Qc6 22. Na3 Qd6 23. g3 Qd1+ 24. Qxd1 Rxd1+ 25. Kg2 Rad8 26. Nc2 R8d3 27.
Rb1 Rb3 28. Na3 Bc3 29. Kf3 Bxa5 30. Nc2 Bd2 0-1

[Event "I Open Filadelfia.Chess"]
[Site "Filadelfia ITA"]
[Date "2009.12.07"]
[Round "5"]
[White "Battaglia, Domenica"]
[Black "Violi, Vincenzo"]
[Result "1/2-1/2"]
[WhiteElo "1512"]
[BlackElo "1590"]
[PlyCount "32"]
[EventDate "2009.12.05"]

1. e4 c5 2. Nf3 d6 3. Nc3 a6 4. Bc4 Nf6 5. d4 cxd4 6. Nxd4 e6 7. Qf3 Qc7 8. Bb3
Be7 9. O-O O-O 10. Re1 Bd7 11. a3 Nc6 12. Nxc6 Bxc6 13. Qg3 Nd7 14. Be3 Ne5 15.
f4 Ng6 16. f5 exf5 1/2-1/2

[Event "I Open Filadelfia.Chess"]
[Site "Filadelfia ITA"]
[Date "2009.12.07"]
[Round "5"]
[White "Carbone, Edoardo"]
[Black "Scalise, Sandro"]
[Result "1/2-1/2"]
[WhiteElo "1569"]
[BlackElo "1676"]
[PlyCount "74"]
[EventDate "2009.12.05"]

1. e4 Nf6 2. e5 Nd5 3. c4 Nb6 4. d4 d6 5. f4 dxe5 6. fxe5 g6 7. Be3 Bg7 8. Nf3
Nc6 9. Nc3 Bg4 10. Qd2 O-O 11. O-O-O Na5 12. b3 Nd7 13. h3 Bxf3 14. gxf3 c5 15.
f4 cxd4 16. Bxd4 Nc6 17. Be3 Qa5 18. h4 Rfd8 19. Qb2 Nc5 20. Nd5 Nb4 21. Kb1
Nxd5 22. cxd5 Qb4 23. Bxc5 Qxc5 24. Qd4 Rac8 25. Qxc5 Rxc5 26. Bg2 b5 27. Rc1
Rxc1+ 28. Rxc1 f6 29. e6 f5 30. h5 Bd4 31. hxg6 hxg6 32. Rc7 Kf8 33. Rc1 Be3
34. Rf1 Rc8 35. Rf3 Bd2 36. Rf2 Be3 37. Rf3 Bd2 1/2-1/2

[Event "I Open Filadelfia.Chess"]
[Site "Filadelfia ITA"]
[Date "2009.12.07"]
[Round "5"]
[White "Carbone, Stefano"]
[Black "Carlomagno, Vincenzo"]
[Result "1-0"]
[WhiteElo "1758"]
[BlackElo "1569"]
[PlyCount "69"]
[EventDate "2009.12.05"]

1. e4 c5 2. Nf3 d6 3. d4 cxd4 4. Nxd4 Nf6 5. Nc3 a6 6. Be2 e5 7. Nb3 Be7 8. O-O
O-O 9. Be3 b5 10. a4 b4 11. Nd5 Be6 12. Bb6 Qd7 13. Nc7 Nc6 14. Nxa8 Rxa8 15.
f3 d5 16. Bd3 a5 17. Be3 d4 18. Bd2 h6 19. f4 Qa7 20. f5 Bc8 21. Kh1 Bb7 22.
Qe2 Rc8 23. g4 Nh7 24. Rg1 Bh4 25. Be1 Bg5 26. h4 Be3 27. Bd2 Bf4 28. Rg2 Ba8
29. Rag1 Qe7 30. Qf3 Rf8 31. g5 hxg5 32. hxg5 Nxg5 33. Qh5 g6 34. Rxg5 Kg7 35.
Rxg6+ 1-0

[Event "I Open Filadelfia.Chess"]
[Site "Filadelfia ITA"]
[Date "2009.12.07"]
[Round "5"]
[White "Cicero, Angelo"]
[Black "Bellantoni, Corrado"]
[Result "0-1"]
[WhiteElo "1437"]
[BlackElo "1464"]
[PlyCount "126"]
[EventDate "2009.12.05"]

1. e4 d5 2. exd5 Qxd5 3. Nc3 Qa5 4. Nf3 c6 5. Be2 Nf6 6. O-O Bg4 7. d3 Nbd7 8.
Bd2 Qc7 9. Re1 O-O-O 10. h3 Bf5 11. Nd4 Bg6 12. Bg4 Nxg4 13. Qxg4 Kb8 14. Qe2
e5 15. Nf3 Bd6 16. Ne4 Bxe4 17. dxe4 f6 18. Rad1 g5 19. Bc3 Nc5 20. Bb4 Ne6 21.
Bxd6 Rxd6 22. Rxd6 Qxd6 23. Rd1 Qe7 24. Qd2 Rd8 25. Qe2 Nf4 26. Rxd8+ Qxd8 27.
Qc4 Qd7 28. a4 a6 29. b4 h5 30. Qf1 g4 31. hxg4 hxg4 32. Ne1 Qd4 33. g3 Nh3+
34. Kg2 Qxe4+ 35. f3 Qxb4 36. fxg4 Qxg4 37. Qf3 Nf4+ 38. Kf2 Qxf3+ 39. Kxf3 Nd5
40. Ke4 b5 41. a5 Kc7 42. Kf5 Kd7 43. Nd3 Kd6 44. g4 Ne3+ 45. Kxf6 Nxg4+ 46.
Kf5 Ne3+ 47. Ke4 Nxc2 48. Nxe5 Na3 49. Kd4 c5+ 50. Kc3 Kxe5 51. Kb3 Nc4 52. Kc3
Nxa5 53. Kb2 Nc6 54. Kb3 Kd4 55. Kb2 Kd3 56. Ka3 c4 57. Kb2 Kd2 58. Ka3 c3 59.
Kb3 c2 60. Ka3 c1=R 61. Kb2 Rc3 62. Ka2 Kc2 63. Ka1 Ra3# 0-1

[Event "I Open Filadelfia.Chess"]
[Site "Filadelfia ITA"]
[Date "2009.12.07"]
[Round "5"]
[White "Dagnino, Marcello"]
[Black "Berardi, Emiliano"]
[Result "0-1"]
[WhiteElo "1565"]
[BlackElo "1503"]
[PlyCount "69"]
[EventDate "2009.12.05"]

1. e4 c6 2. d4 d5 3. exd5 cxd5 4. Bd3 Nc6 5. c3 h6 6. Nf3 Bg4 7. h3 Bxf3 8.
Qxf3 Nf6 9. Nd2 e6 10. Nb3 Bd6 11. Be3 Qc7 12. Qe2 O-O 13. Nd2 Rac8 14. O-O a6
15. Kh1 b5 16. a3 Rfe8 17. f4 Na5 18. g4 Nc4 19. Nxc4 dxc4 20. Bc2 Qc6+ 21. Qf3
Qxf3+ 22. Rxf3 Nd5 23. Bd2 g6 24. Re1 Kg7 25. Kg2 Re7 26. Ref1 Rce8 27. Bb1 f5
28. g5 hxg5 29. fxg5 e5 30. dxe5 Rxe5 31. Bf4 Re2+ 32. Kg3 Bxf4+ 33. Rxf4 Nxf4
34. Rxf4 Rxb2 35. Bxf5 0-1

[Event "I Open Filadelfia.Chess"]
[Site "Filadelfia ITA"]
[Date "2009.12.07"]
[Round "5"]
[White "Fenocchio, Renato"]
[Black "Zampaglione, Davide"]
[Result "0-1"]
[WhiteElo "1518"]
[BlackElo "1677"]
[PlyCount "54"]
[EventDate "2009.12.05"]

1. d4 d5 2. c4 e6 3. Nc3 Nf6 4. e3 c6 5. cxd5 exd5 6. Bd3 Be6 7. Nge2 Bd6 8.
Ng3 O-O 9. O-O Qc7 10. f4 g6 11. Qe1 Re8 12. f5 Bxg3 13. hxg3 Bxf5 14. Bxf5
gxf5 15. Rxf5 Nbd7 16. g4 Re7 17. Qh4 Kh8 18. Bd2 Rg8 19. Raf1 Rxg4 20. Qf2 Rg6
21. Qf3 Ng4 22. Qh3 Ndf6 23. e4 dxe4 24. Bf4 Qb6 25. Ne2 Qxb2 26. Nc3 Qb6 27.
Be5 Rxe5 0-1

[Event "I Open Filadelfia.Chess"]
[Site "Filadelfia ITA"]
[Date "2009.12.07"]
[Round "5"]
[White "Mantello, Filippo"]
[Black "Blasco, Domenico"]
[Result "0-1"]
[WhiteElo "1640"]
[BlackElo "1968"]
[PlyCount "90"]
[EventDate "2009.12.05"]

1. e4 g6 2. d4 Bg7 3. Nf3 d6 4. Be2 Nd7 5. c3 Ngf6 6. Qc2 e5 7. O-O O-O 8. Bg5
h6 9. Bc1 c6 10. Nbd2 Qc7 11. h3 Re8 12. Bc4 Nh5 13. Nh4 Nb6 14. Bb3 Kh7 15.
dxe5 dxe5 16. Nc4 Nxc4 17. Bxc4 Qe7 18. Nf3 b5 19. Bd3 Be6 20. a3 Rad8 21. Qe2
Rd6 22. Be3 Nf4 23. Bxf4 exf4 24. Rfe1 Red8 25. Rad1 Bb3 26. Rd2 Qd7 27. Bc2
Rxd2 28. Qxd2 Qxd2 29. Nxd2 Bxc2 30. Nf3 Rd1 31. Rxd1 Bxd1 32. Nd2 a5 33. f3 c5
34. Kf1 b4 35. cxb4 cxb4 36. axb4 axb4 37. Ke1 Ba4 38. b3 Bb5 39. Nc4 Bxc4 40.
bxc4 b3 41. Kd2 g5 42. c5 Kg6 43. c6 Be5 44. c7 Bxc7 45. Kc3 Kh5 0-1

[Event "I Open Filadelfia.Chess"]
[Site "Filadelfia ITA"]
[Date "2009.12.07"]
[Round "5"]
[White "Olivo, Paolo"]
[Black "Rametta, Marcello"]
[Result "1/2-1/2"]
[WhiteElo "1679"]
[BlackElo "1771"]
[PlyCount "75"]
[EventDate "2009.12.05"]

1. e4 c5 2. Nf3 Nc6 3. d4 cxd4 4. Nxd4 Nxd4 5. Qxd4 a6 6. Nc3 e6 7. Be3 b5 8.
Be2 Bb7 9. f3 Rc8 10. Rc1 Nf6 11. O-O Be7 12. Rfd1 O-O 13. e5 Nd5 14. Nxd5 Bxd5
15. c4 Bc5 16. Qxc5 Rxc5 17. Bxc5 bxc4 18. Bxf8 Kxf8 19. Kh1 Qb6 20. Bxc4 Qxb2
21. Bxd5 exd5 22. Rc8+ Ke7 23. Rc5 Qxa2 24. Rcxd5 Ke6 25. R5d2 Qc4 26. Rd4 Qb5
27. f4 h5 28. h4 g6 29. Kh2 Qb7 30. Rd6+ Ke7 31. R6d4 Qa7 32. R1d2 a5 33. Ra4
Ke6 34. Rda2 Qe3 35. g3 Kf5 36. Rxa5 Kg4 37. R5a3 Qe1 38. Rg2 1/2-1/2

[Event "I Open Filadelfia.Chess"]
[Site "Filadelfia ITA"]
[Date "2009.12.07"]
[Round "5"]
[White "Piccoli, Vincenzo"]
[Black "Familari, Giuseppe"]
[Result "1/2-1/2"]
[WhiteElo "2014"]
[BlackElo "1832"]
[PlyCount "87"]
[EventDate "2009.12.05"]

1. e4 e6 2. d4 d5 3. Nc3 Bb4 4. e5 c5 5. Qg4 Ne7 6. Nf3 Nbc6 7. Bb5 Bd7 8. Bxc6
Bxc6 9. O-O Nf5 10. dxc5 Bxc5 11. b4 d4 12. Rd1 h5 13. Qf4 Bxb4 14. Ne2 Qc7 15.
Rb1 Bc5 16. Nfxd4 Rd8 17. Bb2 Nxd4 18. Nxd4 Bxd4 19. Rxd4 Rxd4 20. Qxd4 O-O 21.
Qxa7 Rd8 22. Qe3 Qd7 23. h3 Qd5 24. Qg5 Ra8 25. a3 Qa2 26. Qc1 Qd5 27. f3 Ra4
28. Qd1 Qc5+ 29. Kh1 Qf2 30. c4 Qh4 31. Rc1 Rxc4 32. Rxc4 Qxc4 33. Qd8+ Kh7 34.
Qg5 Qf1+ 35. Kh2 Qf2 36. Qxh5+ Kg8 37. Bc3 Qe3 38. Bb4 Qf4+ 39. Kh1 Qc1+ 40.
Kh2 Qf4+ 41. Kh1 Qc1+ 42. Kh2 Qf4+ 43. Kg1 Qe3+ 44. Kh1 1/2-1/2

[Event "I Open Filadelfia.Chess"]
[Site "Filadelfia ITA"]
[Date "2009.12.07"]
[Round "5"]
[White "Santagati, Alessandro"]
[Black "Caizzone, Vito"]
[Result "0-1"]
[WhiteElo "2176"]
[BlackElo "2149"]
[PlyCount "104"]
[EventDate "2009.12.05"]

1. d4 Nf6 2. Nf3 d6 3. c4 g6 4. Nc3 Bg7 5. e4 O-O 6. Be2 c6 7. O-O Nbd7 8. Bg5
Qc7 9. Rc1 Re8 10. Re1 e5 11. Bf1 exd4 12. Nxd4 Nc5 13. f3 Qb6 14. b3 Ne6 15.
Be3 Ng4 16. fxg4 Bxd4 17. Bxd4 Nxd4 18. Kh1 Qc5 19. Na4 Qe5 20. c5 Be6 21. cxd6
b6 22. Bc4 Rad8 23. Nb2 Rxd6 24. Bxe6 Qxe6 25. Nc4 Rd7 26. e5 Rd5 27. Nd6 Rd8
28. Rf1 f5 29. gxf5 Nxf5 30. Qg4 Rxe5 31. Nxf5 Rxf5 32. Rxf5 Qxf5 33. Qe2 c5
34. h3 Rf8 35. Rd1 Kg7 36. Qe7+ Rf7 37. Qe2 Qf2 38. Qe5+ Qf6 39. Qe2 Re7 40.
Qd3 Qe5 41. Rf1 Qg5 42. Qf3 Qf5 43. Qc3+ Qe5 44. Qf3 Kh6 45. Qf8+ Kg5 46. g3
Qd5+ 47. Kg1 Qd4+ 48. Kh1 Re3 49. h4+ Kg4 50. Rg1 Rxg3 51. Rxg3+ Kxg3 52. Qb8+
Qf4 0-1

[Event "I Open Filadelfia.Chess"]
[Site "Filadelfia ITA"]
[Date "2009.12.07"]
[Round "5"]
[White "Scerbo, Antonio"]
[Black "Merendino, Riccardo"]
[Result "1-0"]
[WhiteElo "2095"]
[BlackElo "1884"]
[PlyCount "35"]
[EventDate "2009.12.05"]

1. d4 d5 2. Nf3 e6 3. c4 Nf6 4. Nc3 Be7 5. Bg5 O-O 6. e3 Nbd7 7. Qc2 h6 8. h4
c5 9. O-O-O b6 10. Bxf6 Nxf6 11. Ne5 Bb7 12. Rg1 a6 13. g4 Ne4 14. Nxe4 dxe4
15. g5 hxg5 16. hxg5 g6 17. f4 Qc7 18. Qh2 1-0

[Event "I Open Filadelfia.Chess"]
[Site "Filadelfia ITA"]
[Date "2009.12.07"]
[Round "5"]
[White "Scerra, Ezio"]
[Black "Paragliola, Gennaro"]
[Result "0-1"]
[WhiteElo "1326"]
[BlackElo "1606"]
[PlyCount "86"]
[EventDate "2009.12.05"]

1. c4 e5 2. Nc3 g6 3. g3 Bg7 4. Bg2 f5 5. e4 d6 6. Nf3 Nf6 7. d3 O-O 8. Bg5
Nbd7 9. Qd2 Nc5 10. O-O-O Qe8 11. Bxf6 Bxf6 12. Nd5 Qf7 13. Qh6 fxe4 14. Nxf6+
Qxf6 15. Ng5 Qg7 16. Qxg7+ Kxg7 17. d4 Nd3+ 18. Rxd3 exd3 19. Ne4 exd4 20. Kd2
Bf5 21. f4 Rfe8 22. Kxd3 c5 23. b3 Re7 24. g4 Bxe4+ 25. Bxe4 Rae8 26. Bd5 b6
27. f5 Re3+ 28. Kc2 Re2+ 29. Kb1 Rf2 30. Be6 h5 31. h3 Kf6 32. g5+ Kxg5 33.
Rg1+ Kh4 34. fxg6 Rxe6 35. g7 Re8 36. g8=Q Rxg8 37. Rxg8 Rf6 38. Rg1 Kxh3 39.
a4 h4 40. a5 bxa5 41. Rg7 Kh2 42. Rxa7 h3 43. Rxa5 Kg1 0-1

[Event "I Open Filadelfia.Chess"]
[Site "Filadelfia ITA"]
[Date "2009.12.07"]
[Round "5"]
[White "Serratore, Vincenzo"]
[Black "Zampaglione, Francesco"]
[Result "1-0"]
[WhiteElo "1909"]
[BlackElo "1425"]
[PlyCount "59"]
[EventDate "2009.12.05"]

1. d4 d6 2. e4 Nd7 3. Bd3 e5 4. d5 Ngf6 5. Nf3 Be7 6. Qe2 O-O 7. Be3 Ng4 8. Bd2
Nc5 9. Bc4 a6 10. a3 b5 11. Ba2 Nf6 12. Nc3 Bb7 13. O-O c6 14. Rad1 Qc7 15. Bc1
Rfd8 16. Ng5 h6 17. Nxf7 Kxf7 18. dxc6+ Kf8 19. cxb7 Qxb7 20. Nd5 Ncxe4 21.
Nxe7 Qxe7 22. f4 Rac8 23. fxe5 dxe5 24. Rxd8+ Rxd8 25. Qxe4 Rd1 26. Qa8+ Rd8
27. Qxa6 Qc5+ 28. Kh1 Ke7 29. Bxh6 Ne4 30. Qe6# 1-0

[Event "I Open Filadelfia.Chess"]
[Site "Filadelfia ITA"]
[Date "2009.12.07"]
[Round "5"]
[White "Soluri, Francesco"]
[Black "Forlano, Luigi"]
[Result "0-1"]
[WhiteElo "1640"]
[BlackElo "2018"]
[PlyCount "66"]
[EventDate "2009.12.05"]

1. d4 c5 2. c3 g6 3. Nf3 Bg7 4. e4 cxd4 5. cxd4 d5 6. e5 Bg4 7. Be2 e6 8. Bd2
Ne7 9. Bc3 Bxf3 10. Bxf3 Nbc6 11. Na3 O-O 12. Nb5 a6 13. Nd6 b6 14. a4 f6 15.
Qe2 fxe5 16. dxe5 d4 17. Bxc6 Nxc6 18. Bd2 Nxe5 19. Nc4 Qd5 20. Nxe5 Qxe5 21.
Qxe5 Bxe5 22. O-O d3 23. Rfe1 Bxb2 24. Rab1 Bd4 25. Rf1 Rac8 26. Rb3 Rfd8 27.
Rd1 Rc2 28. Be3 Bxe3 29. fxe3 d2 30. Rbb1 Rf8 31. Rxb6 Rc1 32. Rb1 Rfc8 33. Kf2
Rxb1 0-1

[Event "I Open Filadelfia.Chess"]
[Site "Filadelfia ITA"]
[Date "2009.12.07"]
[Round "5"]
[White "Tricomi, Massimo"]
[Black "Arnetta, Maria Teresa"]
[Result "1/2-1/2"]
[WhiteElo "1916"]
[BlackElo "2046"]
[PlyCount "71"]
[EventDate "2009.12.05"]

1. Nf3 d5 2. d4 Nf6 3. c4 c6 4. Nc3 a6 5. cxd5 cxd5 6. e3 Nc6 7. Bd3 Bg4 8. h3
Bh5 9. O-O e6 10. Re1 Be7 11. a3 O-O 12. b4 e5 13. dxe5 Nxe5 14. Be2 Bd6 15.
Nxe5 Bxe5 16. Bb2 Bxe2 17. Qxe2 Rc8 18. Rac1 Ne4 19. Nxe4 Bxb2 20. Qxb2 dxe4
21. Rxc8 Qxc8 22. Rc1 Qd7 23. Qd4 Qe7 24. Rd1 g6 25. Qd5 Rc8 26. Qd7 Rc7 27.
Qd4 f6 28. Qd5+ Kg7 29. Rd4 Rc1+ 30. Rd1 Rxd1+ 31. Qxd1 Qc7 32. Qd5 Qc1+ 33.
Kh2 Qc7+ 34. Kg1 Qc1+ 35. Kh2 Qc7+ 36. Kg1 1/2-1/2

[Event "I Open Filadelfia.Chess"]
[Site "Filadelfia ITA"]
[Date "2009.12.07"]
[Round "5"]
[White "Vacchiano, Salvatore"]
[Black "Luppino, Domenico"]
[Result "1-0"]
[WhiteElo "1605"]
[BlackElo "1536"]
[PlyCount "101"]
[EventDate "2009.12.05"]

1. d4 d5 2. e4 e6 3. Nc3 c5 4. e5 Nc6 5. f4 Nxd4 6. Nf3 Nc6 7. Bd3 c4 8. Be2
Bb4 9. a3 Ba5 10. O-O Nge7 11. Nb5 Bc7 12. Nxc7+ Qxc7 13. c3 O-O 14. Qc2 h6 15.
b3 Qb6+ 16. Kh1 Qxb3 17. Qd2 Na5 18. Nd4 Qa4 19. Bd1 Qd7 20. Bc2 Qc7 21. Qf2
Nec6 22. Nf3 Qe7 23. a4 f6 24. Ba3 Qf7 25. Bxf8 Qxf8 26. exf6 Qxf6 27. Qg3 Qxc3
28. Rac1 Qf6 29. Ne5 Nd4 30. Ng4 Qe7 31. Nxh6+ Kf8 32. f5 Ke8 33. Qg6+ Kd8 34.
Nf7+ Kc7 35. Qxg7 Nxc2 36. f6 Qd7 37. Ne5 Qxg7 38. fxg7 Bd7 39. Rf8 Rxf8 40.
gxf8=Q Bxa4 41. Qe7+ Kb6 42. Qxe6+ Nc6 43. Nd7+ Kc7 44. Qxd5 b5 45. Nc5 N2b4
46. Qd7+ Kb6 47. Nxa4+ bxa4 48. Rxc4 a3 49. Rc3 a2 50. Ra3 a5 51. Qd2 1-0

[Event "I Open Filadelfia.Chess"]
[Site "Filadelfia ITA"]
[Date "2009.12.08"]
[Round "6"]
[White "Blasco, Domenico"]
[Black "Piccoli, Vincenzo"]
[Result "0-1"]
[WhiteElo "1968"]
[BlackElo "2014"]
[PlyCount "70"]
[EventDate "2009.12.05"]

1. d4 Nf6 2. Nf3 b6 3. e3 c5 4. Bd3 Bb7 5. O-O g6 6. Nbd2 Bg7 7. c3 O-O 8. Qe2
d6 9. Rd1 Nc6 10. a3 Qc7 11. e4 Nd7 12. d5 Nce5 13. Ba6 Rab8 14. Bxb7 Qxb7 15.
Nxe5 Bxe5 16. Nf3 Bg7 17. Bf4 Nf6 18. h3 b5 19. g4 h6 20. Rd2 c4 21. Nd4 e5 22.
dxe6 Nxe4 23. Rdd1 Rbe8 24. e7 Rxe7 25. Qc2 Rfe8 26. a4 a6 27. axb5 axb5 28.
Ra5 Bxd4 29. cxd4 Ng5 30. Be3 Nxh3+ 31. Kh2 Qf3 32. Rd2 Qxg4 33. Qd1 Qh4 34.
Kg2 Ng5 35. Qh1 Qe4+ 0-1

[Event "I Open Filadelfia.Chess"]
[Site "Filadelfia ITA"]
[Date "2009.12.08"]
[Round "6"]
[White "Familari, Giuseppe"]
[Black "Serratore, Vincenzo"]
[Result "1-0"]
[WhiteElo "1832"]
[BlackElo "1909"]
[PlyCount "79"]
[EventDate "2009.12.05"]

1. e4 e5 2. Nf3 Nc6 3. Bc4 Bc5 4. b4 Bxb4 5. c3 Ba5 6. d4 Qe7 7. O-O Nf6 8. Ba3
d6 9. d5 Bd7 10. dxc6 Bxc6 11. Bd5 Qd7 12. Re1 O-O 13. Qb3 Rab8 14. Nbd2 b5 15.
Rad1 Bb6 16. Nf1 a5 17. Ne3 b4 18. Bxc6 Qxc6 19. cxb4 axb4 20. Bb2 Nxe4 21. Nd5
Bxf2+ 22. Kh1 Ng3+ 23. hxg3 Qd7 24. Rxe5 Kh8 25. Re7 Qg4 26. Nh2 Qg5 27. Qf3
Bxg3 28. Qg4 Qxg4 29. Nxg4 c6 30. Ndf6 Rb5 31. Ne8 Rg5 32. Ne3 Bf2 33. g4 d5
34. Nf5 d4 35. Nxd4 Rd5 36. Kg2 Bh4 37. Re4 c5 38. Nf5 Rxd1 39. Bxg7+ Kg8 40.
Nh6# 1-0

[Event "I Open Filadelfia.Chess"]
[Site "Filadelfia ITA"]
[Date "2009.12.08"]
[Round "6"]
[White "Fenocchio, Renato"]
[Black "Costantino, Gregorio"]
[Result "0-1"]
[WhiteElo "1518"]
[BlackElo "1413"]
[PlyCount "50"]
[EventDate "2009.12.05"]

1. d4 d6 2. c4 c6 3. Nc3 g6 4. Bf4 Bg7 5. e3 Nd7 6. Nf3 Qc7 7. Bd3 e5 8. dxe5
dxe5 9. Bg3 Ne7 10. O-O Nf5 11. Bxf5 gxf5 12. Ng5 Bf6 13. Qh5 Bxg5 14. Qxg5 Nf8
15. Qxf5 Bxf5 16. e4 Be6 17. b3 O-O-O 18. f4 Qb6+ 19. Kh1 Qd4 20. Ne2 Qxe4 21.
Rae1 Rd2 22. Rf2 Ng6 23. Kg1 Rhd8 24. Kf1 Bh3 25. gxh3 Qh1+ 0-1

[Event "I Open Filadelfia.Chess"]
[Site "Filadelfia ITA"]
[Date "2009.12.08"]
[Round "6"]
[White "Forlano, Luigi"]
[Black "Merendino, Riccardo"]
[Result "1-0"]
[WhiteElo "2018"]
[BlackElo "1884"]
[PlyCount "93"]
[EventDate "2009.12.05"]

1. e4 c5 2. Nc3 d6 3. f4 e5 4. Nf3 Nc6 5. Bb5 Bg4 6. Bxc6+ bxc6 7. h3 Bxf3 8.
Qxf3 Nf6 9. d3 Be7 10. O-O exf4 11. Bxf4 O-O 12. g4 Nd7 13. Rad1 Ne5 14. Bxe5
dxe5 15. Kg2 Rb8 16. b3 Qa5 17. Na4 Qc7 18. Qf2 Qd6 19. Nb2 Qd4 20. Nc4 Qxf2+
21. Rxf2 Bh4 22. Rf5 f6 23. Rf3 Rbd8 24. Kf1 Kf7 25. Ke2 h5 26. Na5 Ke6 27.
Nxc6 Rd6 28. Nxe5 Kxe5 29. Rf5+ Ke6 30. Rxc5 hxg4 31. hxg4 Bg5 32. Rh1 Kd7 33.
c3 Rb6 34. d4 Rbb8 35. Ra5 Ra8 36. Ra6 Kc7 37. Kd3 Kb7 38. Re6 Rh8 39. Rxh8
Rxh8 40. Re7+ Kb6 41. Rxg7 Rh4 42. e5 Rh3+ 43. Kc4 Bd2 44. exf6 Rxc3+ 45. Kd5
Rc8 46. Ke6 Bc3 47. d5 1-0

[Event "I Open Filadelfia.Chess"]
[Site "Filadelfia ITA"]
[Date "2009.12.08"]
[Round "6"]
[White "Gugliotta, Domenico F."]
[Black "Cicero, Angelo"]
[Result "1-0"]
[WhiteElo "1398"]
[BlackElo "1437"]
[PlyCount "133"]
[EventDate "2009.12.05"]

1. e4 e5 2. Nf3 Nc6 3. g3 Bc5 4. Bg2 d6 5. O-O Nf6 6. Ng5 O-O 7. Nc3 h6 8. Nf3
Qe7 9. Nd5 Nxd5 10. exd5 Nb4 11. Nh4 Bd7 12. d3 c6 13. dxc6 Nxc6 14. Qe1 Rfe8
15. Be3 b6 16. Bxc5 bxc5 17. Nf5 Qe6 18. Ne3 Rac8 19. Nd5 f6 20. c3 a5 21. Nb6
Rb8 22. Bd5 Rxb6 23. Bxe6+ Bxe6 24. b3 Bh3 25. Qd2 Bxf1 26. Rxf1 Kf7 27. Qe2
Re7 28. Qh5+ Ke6 29. Re1 Rbb7 30. Qg4+ Kf7 31. Qc4+ Re6 32. f4 g5 33. fxe5 Nxe5
34. Qd5 Rbe7 35. d4 cxd4 36. cxd4 Nd7 37. Rf1 h5 38. Qxa5 h4 39. g4 Re4 40.
Qd5+ R4e6 41. b4 Nb6 42. Qb3 d5 43. a4 Nxa4 44. Qxa4 Re4 45. h3 Rxd4 46. Qa5
Re3 47. Rf2 Rxh3 48. Rg2 Rd1+ 49. Kf2 Rd2+ 50. Kf1 Rxg2 51. Kxg2 Rg3+ 52. Kh2
Rxg4 53. Qc7+ Kg6 54. b5 Rb4 55. Qa5 Rb2+ 56. Kh3 Kf5 57. b6 Rb3+ 58. Kg2 h3+
59. Kh2 g4 60. Qxd5+ Kf4 61. Qxb3 f5 62. Qg3+ Ke4 63. b7 f4 64. Qxg4 Ke3 65.
b8=R f3 66. Re8+ Kf2 67. Qg3+ 1-0